000 00336nam a2200109Ia 4500
008 230822s1999 xx 000 0 und d
041 _aeng
100 _aSTEIN B. & REYNOLDS J & MCGUINNESS W
245 _aMECHANICAL AND ELECTRICAL EQUIPMENT FOR BUILDINGS 7TH ED VOL I PART 1 TO 2, CHAPTER 1 TO 5
260 _bNULL
_c1999
300 _a10
999 _c861993
_d861993